000 01775nam a2200385 a 4500
001 00003804
003 DO-SdBNP
005 20160520110327.0
007 00003804
008 150130s2012 dr acd 000 0 spa d
020 _a9789945173802
040 _aBPMSU
_bspa
_cBPMSU
092 _a372.83
_bC569s 6to 2012
245 0 0 _aCiencias sociales 6 :
_beducación básica /
_cdirección editorial Doris Arroba Jácome ; coordinación editorial Anna Rogero Soler ; edición María José Martínez ;
260 _aSanto Domingo :
_bSM,
_c2012.
300 _a191 p. :
_bil., retrs., mapas ;
_c29 cm. +
_eCD-ROM
490 1 _aProyecto Sé
505 0 _tLa edad moderna, una nueva época --
_tConquista y colonización de América --
_tOrganización económica y social de América --
_tEl Caribe y los imperios europeos --
_tUna isla y dos naciones --
_tUna época de cambios --
_tAmérica en el siglo XVIII --
_tLa independencia de América --
_tEl camino a la Independencia Dominicana --
_tLas nuevas naciones de América.
650 4 _aCIENCIAS SOCIALES
_xENSEÑANZA ELEMENTAL
650 4 _aEDUCACIÓN PRIMARIA
_zREPÚBLICA DOMINICANA
650 4 _aCIENCIAS SOCIALES
_xESTUDIOS Y EJERCICIOS
650 4 _aCIENCIAS SOCIALES
_xLIBROS DE TEXTOS
650 4 _aCIENCIAS SOCIALES
_xEDUCACIÓN BÁSICA
700 1 2 _aArroba Jácome, Doris,
_eed.
700 1 2 _aRogero Soler, Anna,
_eed.
700 1 2 _aMartínez, María José,
_eed.
700 1 2 _aCid, Henry,
_eil.
830 0 _aProyecto Sé
910 _aValidado. Control de calidad MFF
930 1 _lBND01
_mLF1
_820130506
_f01
_pHD
_g36709
942 _2ddc
_cBK
956 _aYLOCKWARD
_b10
_c20150603
_lBND01
_h1156
956 _aVMATEO
_b10
_c20150605
_lBMET02
_h00151
956 _aLOPEREZ
_b10
_c20160331
_lBPMSU
_h00260
999 _c9474
_d9474